Ч. 2: Элементная база лазерных установок; Лазерные системы

Podrobná bibliografie
Parent link:Лазерные системы/ под ред. И. Б. Федорова. Ч. 2: Элементная база лазерных установок.— , 2010
Další autoři: Балошин Ю. А. Юрий Александрович, Дейнека Г. Б. Геннадий Борисович, Ищенко Е. Ф. Евгений Федорович, Протасов Ю. С. Юрий Степанович
Shrnutí:Во второй части книги кратко рассмотрены теоретические основы методов расчета и численного моделирования лазеров и их элементов, включая инженерный анализ и расчет спектрально-энергетических характеристик оптических резонаторов, схем синхронизации, нелинейных явлений в усилительных каскадах лазерных систем с газоразрядными и конденсированными активными средами. Книга предназначена для инженеров-разработчиков лазерной техники и может быть полезна студентам и аспирантам, специализирующимся в области исследований и разработок лазерных систем различного назначения.
Jazyk:ruština
Vydáno: 2010
Témata:
Médium: MixedMaterials Kniha
KOHA link:https://koha.lib.tpu.ru/cgi-bin/koha/opac-detail.pl?biblionumber=193705

MARC

LEADER 00000nam2a2200000 4500
001 193705
005 20231101224516.0
010 |a 9785803704980 
035 |a (RuTPU)RU\TPU\book\211252 
090 |a 193705 
100 |a 20110328d2010 km y0rusy50 ca 
101 0 |a rus 
102 |a RU 
105 |a a z 001zy 
200 0 |a Ч. 2: Элементная база лазерных установок  |f Ю. А. Балошин [и др.] 
210 |d 2010 
215 |a 688 с.  |c ил. 
320 |a Библиогр.: с. 685. 
330 |a Во второй части книги кратко рассмотрены теоретические основы методов расчета и численного моделирования лазеров и их элементов, включая инженерный анализ и расчет спектрально-энергетических характеристик оптических резонаторов, схем синхронизации, нелинейных явлений в усилительных каскадах лазерных систем с газоразрядными и конденсированными активными средами. Книга предназначена для инженеров-разработчиков лазерной техники и может быть полезна студентам и аспирантам, специализирующимся в области исследований и разработок лазерных систем различного назначения. 
461 1 |0 (RuTPU)RU\TPU\book\173692  |t Лазерные системы  |f под ред. И. Б. Федорова  |v Ч. 2: Элементная база лазерных установок  |d 2010  |s Прикладная электроника 
606 1 |a Лазеры  |2 stltpush  |3 (RuTPU)RU\TPU\subj\39821  |9 59726 
610 1 |a лазерные системы 
610 1 |a лазерные установки 
610 1 |a характеристика 
610 1 |a анализ 
610 1 |a инженерные методы 
610 1 |a газоразрядные лазеры 
610 1 |a газовые лазеры 
610 1 |a оптическая накачка 
610 1 |a твердотельные лазеры 
610 1 |a открытые оптические резонаторы 
610 1 |a инженерный анализ 
610 1 |a лучевая оптика 
610 1 |a волновая оптика 
610 1 |a собственные волны 
610 1 |a поляризация 
675 |a 621.373.826  |v 3 
701 1 |a Балошин  |b Ю. А.  |g Юрий Александрович 
701 1 |a Дейнека  |b Г. Б.  |g Геннадий Борисович 
701 1 |a Ищенко  |b Е. Ф.  |g Евгений Федорович 
701 1 |a Протасов  |b Ю. С.  |g Юрий Степанович 
801 1 |a RU  |b 63413507  |c 20110328 
801 2 |a RU  |b 63413507  |c 20130414  |g RCR 
942 |c BK